000 00404nam a2200157Ia 4500
008 210716s2000 xx 000 0 und d
020 _a8173713529
041 _aeng
082 _a374.22 FOND
100 _aFontana, David.
245 _aProblems in practice social skills at work.
250 _a1
260 _aHyderabad
_bUniversities Press
_c2000
300 _axi,89
650 _aGeneral Management
999 _c205385
_d205385